000 01782nam0a2200361 4500
001 RU\NLR\bibl\1048628
005 20250615033344.0
010 _a5-7856-0469-8
_9300
021 _aRU
_b2006-88047
_94461
035 _a(nilc)RSL-KNO-003019927
035 _a(NLR Aleph) 001035960
090 _a788375
_c788375
100 _a20070117d2005 |||y0rusy50 ca
101 0 _arus
102 _aRU
105 _aa zzzz|||||
106 _ar
200 1 _aОсобенности отчетности негосударственных медицинских учреждений
_fЕ.Е. Прокопович
_gИнформ.-внедрен. центр "Маркетинг"
210 _aМосква
_cМаркетинг
_d2005
_eЛюберцы (Моск. обл.)
_gПИК ВИНИТИ
215 _a71 с.
_cил.
_d21
320 _aБиблиогр.: с. 60-64 (65 назв.)
606 1 _aМедицинские учреждения
_xБухгалтерский учет
_yРоссийская Федерация
_92191700
_3RU\NLR\auth\661317454
610 0 _aЗдравоохранение. Медицинские науки -- Организация здравоохранения -- Российская Федерация -- Лечебно-профилактическая помощь -- Лечебно-профилактические учреждения -- Больничная помощь -- Больницы -- Отчеты
686 _aР11(2)21л74-15,0
_2rubbk
686 _aУ052.9(2)247.46
700 1 _aПрокопович
_bЕ. Е.
_gЕлена Евгеньевна
_4070
801 0 _aRU
_bРКП
_c20070117
801 1 _aRU
_bРГБ
_c20070117
801 2 _aRU
_bNLR
_c20070220
_grcr
830 _aавт. по кн.
942 _cBOOK
980 _aNB